Auckland's Volcanoes Quiz Stats

 Plays Quiz not verified by Sporcle

Challenge
Share
Tweet
Embed
Score 0/53 Timer 10:00
0 Plays Today
Answer % Correct
Rangitoto Island
90%
Mount Eden
80%
Mount Wellington
80%
One Tree Hill
80%
Mount Albert
70%
Mount Roskill
60%
Lake Pupuke
50%
Mount Victoria
50%
North Head
50%
Mount Hobson
40%
Mount Smart
40%
Albert Park Volcano
30%
Auckland Domain
30%
Mangere Lagoon
30%
Mangere Mountain
30%
Mount Saint John
30%
Saint Heliers
30%
Tank Farm
30%
Ash Hill
20%
Boggust Park Crater
20%
Cemetery Crater
20%
Crater Hill
20%
Grafton Volcano
20%
Greenmount
20%
Hampton Park
20%
Kohuora
20%
Little Rangitoto
20%
Answer % Correct
McLaughlin Mountain
20%
Elletts Mountain
20%
McLennan Hills
20%
Browns Island
20%
Mount Cambria
20%
Mount Richmond
20%
Mount Roberston
20%
Onepoto Basin
20%
Orakei Basin
20%
Otara Hill
20%
Otuataua
20%
Panmure Basin
20%
Puhinui Craters
20%
Pukaki Lagoon
20%
Pukeiti
20%
Puketutu Island
20%
Pigeon Mountain
20%
Pukewairiki
20%
Purchas Hill
20%
Styaks Swamp
20%
Taylors Hill
20%
Te Hopua a Rangi
20%
Te Pou Hawaiki
20%
Waitomokia
20%
Wiri Mountain
20%
Te Tatua-a-Riukiuta
10%

You're not logged in!

Compare scores with friends on all Sporcle quizzes.
Join for Free
OR
Log In

You Might Also Like...

Show Comments

Extras

Top Quizzes Today


Score Distribution

Your Account Isn't Verified!

In order to create a playlist on Sporcle, you need to verify the email address you used during registration. Go to your Sporcle Settings to finish the process.

Report this User

Report this user for behavior that violates our Community Guidelines.

Details: